000 00278 a2200109 4500
001 13212
082 _a623.043 ADA
090 _c10211
_d10211
100 _aAdamy,D.L
245 _aSecond Course in Electronic Warfare
_bEW 102 A
260 _aLondon
_bArtech House, London
_c2004
942 _aNUST-CAE
_k623.043 ADA
999 _c248285
_d248285